000 00505nam a2200193 i 4500
001 87208
003 ES-MaACL
007 t|
008 041220s1953 sp ||||1| spa d
100 1 _aKnicht, Brigid.
_968335
245 1 3 _aEl pacto /
_cBrigid Knicht.
250 _a[1ยช ed.].
260 _aBarcelona :
_bLuis de Caralt,
_c[1953] (
_fSimpar)
300 _a294 p. :
_bil. ;
_c20 cm.
490 1 _aGigante
830 0 _aGigante
_9181050
852 _aES-MaACL
_jC-6456
_bR.34566
999 _c87208
_d87208